Sacrificio de Isaac (Record no. 11060)

MARC details
000 -CABECERA
campo de control de longitud fija 00931nam a22002537a 4500
001 - NÚMERO DE CONTROL
campo de control BRCA_9348
003 - IDENTIFICADOR DEL NÚMERO DE CONTROL
campo de control FranzMayer
005 - FECHA Y HORA DE LA ÚLTIMA TRANSACCIÓN
campo de control 20230918131418.0
008 - DATOS DE LONGITUD FIJA--INFORMACIÓN GENERAL
campo de control de longitud fija 230908b |||||||| |||| 00| 0 eng d
040 ## - FUENTE DE LA CATALOGACIÓN
Centro catalogador/agencia de origen MFM
Lengua de catalogación ESPAÑOL
Centro/agencia transcriptor MFM
050 #0 - SIGNATURA TOPOGRÁFICA DE LA BIBLIOTECA DEL CONGRESO
Número de clasificación ND813
Número de documento/Ítem V35 2013
100 1# - ENTRADA PRINCIPAL--NOMBRE DE PERSONA
Código de función/relación Responsable
Nombre de persona Valdivieso, Enrique
9 (RLIN) 29738
240 ## - TÍTULO UNIFORME
Título uniforme Sacrificio de Isaac
Medio Juan de Valdés Leal
Lenguaje de la obra Español/Inglés
245 0# - MENCIÓN DE TÍTULO
Título Sacrificio de Isaac
Resto del título Juan de Valdés Leal
260 ## - PUBLICACIÓN, DISTRIBUCIÓN, ETC.
Lugar de publicación, distribución, etc. Madrid, España
Nombre del editor, distribuidor, etc. Grupo Villar MIr
Fecha de publicación, distribución, etc. 2013
300 ## - DESCRIPCIÓN FÍSICA
Extensión 145 p
Otras características físicas Ilustraciones a color
Dimensiones 32 cm
500 ## - NOTA GENERAL
Nota general Anexo 1
505 ## - NOTA DE CONTENIDO CON FORMATO
Nota de contenido con formato Texto en: español e inglésIncluye índice temáticoDirigido a: artistas, historiadores de arte.
650 1# - PUNTO DE ACCESO ADICIONAL DE MATERIA--TÉRMINO DE MATERIA
Fuente del encabezamiento o término Valdes Leal, Juan de
Término de materia o nombre geográfico como elemento de entrada 1622-1690
Subdivisión de forma Exposiciones
9 (RLIN) 29739
651 2# - PUNTO DE ACCESO ADICIONAL DE MATERIA--NOMBRE GEOGRÁFICO
Fuente del encabezamiento o término Arte barroco
Nombre geográfico Exposiciones
Subdivisión de forma España
9 (RLIN) 29740
700 1# - PUNTO DE ACCESO ADICIONAL--NOMBRE DE PERSONA
Código de función/relación Trad
Nombre de persona Matthews, Wade
9 (RLIN) 29741
700 1# - PUNTO DE ACCESO ADICIONAL--NOMBRE DE PERSONA
Código de función/relación Maque
Nombre de persona Lalanda, Amaya
9 (RLIN) 29742
942 ## - ELEMENTOS DE PUNTO DE ACCESO ADICIONAL (KOHA)
Fuente del sistema de clasificación o colocación Library of Congress Classification
Tipo de ítem Koha Libros
Holdings
Estado de retiro Estado de pérdida Fuente del sistema de clasificación o colocación Estado dañado No para préstamo Código de colección Localización permanente Ubicación/localización actual Fecha de adquisición Total de préstamos Signatura topográfica completa Código de barras Fecha visto por última vez Precio válido a partir de Tipo de ítem Koha
El ejemplar forma parte de la colección y puede ser consultado según las políticas vigentes.   Library of Congress Classification     Fondo Contemporáneo Biblioteca del Museo Franz Mayer (Rogerio Casas-Alatriste) Biblioteca del Museo Franz Mayer (Rogerio Casas-Alatriste) 08/09/2023   ND813 V35 2013 CONT10215 08/09/2023 08/09/2023 Libros